| 000 | 01379nam a2200313 4500 | ||
|---|---|---|---|
| 001 | 58 | ||
| 003 | OSt | ||
| 005 | 20250528074010.0 | ||
| 008 | 250122b |||||||e |||| 00| 1 eng d | ||
| 040 | _bpor | ||
| 041 |
_heng _apor |
||
| 082 |
_a813 _bB644p |
||
| 100 | 1 |
_aBlatty, William Peter, _d1928-2017 _9154 |
|
| 240 | _aTwinkle, twinkle, ´´killer´´ Kane | ||
| 245 |
_aParanóia / _cBlatty, William Peter ; Tradução de Aurea Weissenberg |
||
| 260 |
_aRio de Janeiro _bRecord _c1966 |
||
| 300 | _a179 p. | ||
| 520 | _aO Coronel Kane, um psiquiatra do Corpo de Fuzileiros Navais dos Estados Unidos sofrendo de pesadelos, chega a um castelo no noroeste do Pacífico americano, onde soldados doentes mentais da guerra do Vietnã estão sendo tratados. A equipe do castelo não conseguiu controlar os pacientes, muitos dos quais são suspeitos de fingir sua doença para escapar do combate. O permissivo Kane se abre para ouvir qualquer coisa que os soldados tenham a dizer a ele em um esforço para curá-los, enquanto ao mesmo tempo sofre de seus próprios demônios. | ||
| 650 | 0 |
_aLiteratura Americana _984 |
|
| 650 | 0 |
_aPsicológico _985 |
|
| 650 | 0 |
_aTerror _9141 |
|
| 650 | 0 |
_aDrama _918 |
|
| 650 | 0 |
_aMistério _942 |
|
| 650 | 0 |
_aFilme _926 |
|
| 655 | 0 |
_aRomance _923 |
|
| 655 | 0 |
_aFicção _922 |
|
| 700 |
_aAurea Weissenberg _eTradutor _9153 |
||
| 942 |
_2ddc _n0 _cBK |
||
| 999 |
_c58 _d58 |
||